00961 2200313 4500001002100000005001500021035002000036007000300056008004100059020002200100082001200122084001400134100003700148245013800185250003400323300002500357650001100382700002600393700002500419264002900444336002100473337003000494338002300524040002200547090002200569850001200591999002200603990002200625INLIS00000000088511020240320090227 a0010-0324000540ta240320s2023 yoi g ind d a978-623-8108-39-804223a160 a160 MUH s0 aMuhammad Nur IbrahimiePengarang10aSeni logika :bilmu dan teknik berlogika dengan mudah dan praktis /cMuhammad Nur Ibrahimi; penyunting, M. Faizi; penerjemah, AB Rozi aCetakan pertama, Agustus 2023 a160 halaman ;c20 cm 4aLogika1 aFaizi, M.ePenyunting1 aRozi, ABePenerjemah31aBantul :bIRCiSoD,c2023 2rdacontentateks 2rdamediaatanpa perantara 2rdacarrieravolume aYOPDYOGbinderda aCB-D.11 2023-4262 aYOPDYOG aCB-D.11/2023-4262 aCB-D.11/2023-4262